000 00336nam a22001457a 4500
008 250625b |||||||| |||| 00| 0 eng d
020 _a0070355525
050 _aHD31
_b.K66
100 _aKOONTZ, Harold
245 _aManagement
250 _a9th Edition
260 _aNew York
_bMCGRAW-HILL
_c1988
300 _axxiv,685p.
942 _cBK
999 _c3967
_d3967